000 00589nam a2200241Ia 4500
003 OSt
005 20220918190744.0
006 a|||||r|||| 00| 0
007 ta
008 220917b |||||||| |||| 00| 0 eng d
024 _a59,332
037 _cTextual
040 _aARTS
_cARTS
_beng
041 _2eng
_aeng
082 _aQ2, L8
100 _aBose S C
_973714
245 0 _aCatechism of Hindu Dharma
260 _aNew Delhi
_bClassical Pub
_c1978
300 _a79p.
_ccm.
650 _aRELIGION
942 _hQ2, L8
_cTEXL
_2CC
999 _c186691
_d186691